01027cam a2200229Mc 450000500170000000800410001702000180005803500210007604000500009704100080014710000290015524501010018424601020028525000210038726000680040830000180047650400410049461000630053565000860059865000840068470000290076820161123151216.0161123s2014 sp fr 000 0 spa d a9788447048878 a(OCoLC)892891272 aCO-BoUCMbspacSandra PalaciodSandra Palacio1 aspa1 aAlonso García, Ricardo14aLas sentencias básicas del Tribunal de Justicia de la Unión EuropeacRicardo Alonso García aLas sentencias básicas del Tribunal de Justicia de la Unión EuropeabEstudio y jurisprudencia aQuinta edición aCizur Menor (Navarra, España)bThomson Reuters-Civitasc2014 a717 páginas aIncluye referencias bibliográficas27aTribunal de Justicia de la Unión EuropeavJurisprudencia17aJurisprudenciaxRecopilaciones, repertorios, etc.zPaíses de la Unión Europea27aTribunal de justicia de la Unión EuropeaxSentenciasxCompetenciavAnálisis1 aAlonso García, Ricardo